Statistics for Země světa na slepé mapě

Click here to take the quiz!

General Stats

  • This quiz has been taken 926 times
  • The average score is 111 of 196

Answers on the Map

Answers color-coded by a green-red scale on the quiz's map according to % correct below.
 

Answer Stats

Stát% Correct
Rusko
93%
Kanada
91%
Spojené státy americké
91%
Česká Republika
90%
Německo
90%
Polsko
90%
Slovensko
90%
Čína
89%
Francie
89%
Brazílie
88%
Mexiko
88%
Španělsko
88%
Řecko
87%
Egypt
86%
Itálie
86%
Švédsko
86%
Finsko
85%
Rakousko
85%
Ukrajina
85%
Austrálie
84%
Portugalsko
84%
Japonsko
83%
Norsko
83%
Dánsko
82%
Indie
82%
Argentina
81%
Maďarsko
81%
Spojené království
81%
Turecko
81%
Bělorusko
80%
Slovinsko
80%
Švýcarsko
80%
Chile
79%
Chorvatsko
79%
Írán
77%
Rumunsko
77%
Bulharsko
76%
Estonsko
76%
Irák
76%
Litva
76%
Irsko
75%
Jižní Korea
74%
Kazachstán
74%
Island
73%
Lotyšsko
73%
Mongolsko
73%
Vietnam
73%
Albánie
72%
Belgie
72%
Indonésie
72%
Lucembursko
72%
Severní Korea
72%
Jihoafrická republika
71%
Kuba
71%
Peru
71%
Nový Zéland
70%
Srbsko
70%
Andorra
69%
Černá Hora
69%
Vatikán
69%
Alžírsko
68%
Bolívie
68%
Kolumbie
68%
Kosovo
67%
Moldavsko
67%
Nizozemsko
67%
Pákistán
67%
Madagaskar
66%
Niger
66%
Saúdská Arábie
66%
Izrael
65%
Thajsko
65%
Venezuela
65%
Bosna a Hercegovina
64%
Panama
64%
Uruguay
64%
Libye
63%
Malta
63%
Kongo
62%
Maroko
62%
Paraguay
62%
Ekvádor
61%
Nepál
61%
San Marino
61%
Tunisko
61%
Kypr
60%
Nigérie
60%
Dominika
59%
Monako
59%
Sýrie
59%
Uzbekistán
59%
Arménie
58%
Jamajka
58%
Laos
58%
Somálsko
58%
Srí Lanka
58%
Afghánistán
57%
Čad
57%
Etiopie
57%
Filipíny
57%
Gruzie
57%
Lichtenštejnsko
57%
Spojené arabské emiráty
57%
Súdán
55%
Ázerbájdžán
54%
Keňa
54%
Mali
54%
Omán
54%
Angola
53%
Honduras
53%
Jemen
53%
Kostarika
53%
Malajsie
53%
Turkmenistán
53%
Severní Makedonie
52%
Zimbabwe
52%
Kyrgyzstán
51%
Dominikánská republika
50%
Bhútán
49%
Jordánsko
49%
Myanmar (Barma)
49%
Senegal
49%
Kambodža
48%
Katar
48%
Haiti
47%
Jižní Súdán
47%
Maledivy
47%
Pobřeží slonoviny
47%
Zambie
47%
Bangladéš
46%
Tádžikistán
46%
Guinea
45%
Surinam
45%
Botswana
44%
Guatemala
44%
Guyana
44%
Tanzanie
44%
Uganda
44%
Belize
43%
Ghana
43%
Středoafrická republika
43%
Libanon
42%
Singapur
42%
Kamerun
41%
Kuvajt
41%
Namibie
41%
Nikaragua
41%
Papua-Nová Guinea
41%
Bahamy
39%
Lesotho
39%
Salvador
39%
Svatá Lucie
39%
Bahrajn
37%
Brunej
37%
Fidži
37%
Malawi
37%
Mauritánie
37%
Benin
36%
Eritrea
36%
Gabon
36%
Libérie
36%
Tchaj-wan
36%
Togo
36%
Rwanda
35%
Burkina Faso
34%
Mosambik
34%
Burundi
32%
Gambie
32%
Kapverdy
32%
Mikronésie
32%
Seychely
32%
Svazijsko
32%
Palau
31%
Barbados
30%
Kiribati
30%
Rovníková Guinea
30%
Džibutsko
29%
Nauru
29%
Sierra Leone
29%
Tonga
29%
Východní Timor
29%
Guinea Bissau
28%
Mauricius
28%
Trinidad a Tobago
28%
Tuvalu
28%
Samoa
27%
Grenada
26%
Komory
26%
Marshallovy ostrovy
26%
Vanuatu
25%
Svatý Vincenc a Grenadiny
23%
Antigua a Barbuda
21%
Svatý Tomáš a Princův ostrov
20%
Svatý Kryštof a Nevis
19%
Konžská demokratická republika
14%
Šalomounovy ostrovy
11%

Score Distribution

Percentile by Number Answered

Percent of People with Each Score

Your Score History

You have not taken this quiz